000 00901nam a2200253 a 4500
001 18192997
008 161107s2015 ||||||||||||||||| || u
010 _a2014024319
020 _a9781483307701
050 _aHJ 2009 Che
100 _aWeikart, Lynne A
245 1 0 _aBudget tools : financial methods in the public sector.-2nd ed.
_cGreg G. Chen, Lynne A. Weikart, Daniel W. Williams
250 _a2nd ed.
260 _aLos Angeles
_bSAGE Publications
_c2015
300 _axxii, 358 p. : ill.
350 _a41.62
500 _aIncludes bibliographical references and index.
650 0 _aBUDGET PROCESS
650 0 _aEXPENDITURES, PUBLIC
650 0 _aBUDGET
700 _aChen, Greg G
700 _aWilliams, Daniel W
995 _D41.62
_FCBU-MAIN LIBRARY (Kitwe)
_M1
_UAVAILABLE
_WNov 7, 2016
_ZMain Library Open Access Collection
999 _c36206
_d36206